MDQL
is popping MORE tags! Check the
thread
!
Quizzes
Events
Quiz Creation
Community
Videos
Private Events
Remove Ads
Sign In
Join for FREE
Feedback
Dark Mode
Quiz Categories
Sports
Geography
Music
Movies
Television
Just For Fun
Miscellaneous
History
Literature
Language
Science
Gaming
Entertainment
Religion
Holiday
For Kids
Quiz Lab
Recent
Popular Today
Quiz Kudos Today
Editor Picks
Curator Picks
Quizzes by...
Day
Popularity
Type
Ratings
Length
Year
Community
Subscriptions
Recent Discussions
Orange Saloon
Badges
Playlists
Quests
Create
Leaderboards
Showdown
Live 5
Trivia Bingo
Activity
Puzzle Library
Sporcle Events
Private Events
Virtual Trivia
Globe League
Become a Host
Pub Owners
SporcleCon
Opinionation
Our Games
Videos
Blog
Mobile Apps
Partnerships
Remove Ads and Go Orange
Feedback
Sports
Athletes
MLB
NBA
NHL
NFL
Soccer
Sports Teams
WWE
NCAA
Football
Premier League
Basketball
Baseball
Hockey
Golf
Tennis
Cricket
Rugby
Auto Racing
Olympics
World Cup
Sports
Athletes
MLB
NBA
NHL
NFL
Soccer
Sports Teams
WWE
NCAA
Football
Premier League
Basketball
Baseball
Hockey
Golf
Tennis
Cricket
Rugby
Auto Racing
Olympics
World Cup
Random Quiz
Search Sporcle
×
Quiz Lab
Quiz Lab
Sports
Football
Type in answers that appear in a list
Type in answers that appear in a list
Classic
Best Score? Go Orange.
Four Most Recent ACC Football Coaches Stats
Can you name the four most recent football coaches for each ACC school?
By
jonwhite918
10m
48 Questions
201 Plays
201 Plays
201 Plays
Comments
Comments
Give Quiz Kudos
Give Quiz Kudos
-
- Ratings
hide this ad
More Info
Replay
Link that replays current quiz
Next Quiz
Link to next quiz in quiz playlist
You Got
0%
They Got
Avg Score
43%
Avg Friend Score
Upgrade to see
Score Distribution
Jump to the score distribution portion of the page
Score
0/48
Timer
10:00
0
Plays Today
Name
% Correct
Bobby Bowden
94%
Tommy Bowden
93.5%
Paul Johnson
85.1%
Frank Beamer
84.6%
Butch Davis
82.1%
Butch Davis
82.1%
Jimbo Fisher
81.1%
Randy Shannon
75.6%
Tom O'Brien
74.6%
Tom O'Brien
74.6%
Dabo Swinney
74.1%
Ralph Friedgen
73.6%
David Cutcliffe
73.1%
Al Groh
72.6%
Al Groh
72.6%
Larry Coker
68.2%
Jim Grobe
64.2%
Chuck Amato
58.2%
Chan Gailey
56.7%
Mack Brown
55.7%
Dennis Erickson
48.3%
Mike London
45.8%
Ted Roof
44.3%
Frank Spaziani
39.8%
Name
% Correct
John Bunting
39.8%
Jeff Jagodzinski
39.3%
George Welsh
31.3%
Jim Caldwell
30.8%
Tommy West
29.9%
Carl Torbush
26.9%
Ken Hatfield
23.9%
Bill Dooley
23.4%
Bill Dooley
23.4%
Mike O'Cain
22.9%
Carl Franks
21.9%
Fred Goldsmith
20.4%
Ron Vanderlinden
18.9%
Dick Sheridan
18.9%
Larry Jones
16.9%
Mark Duffner
10%
Dan Henning
8.5%
Jon Tenuta
7%
Joe Krivak
4.5%
Jimmy Sharpe
4.5%
Dan Mudra
4%
Charlie Coffey
4%
Dick Bestwick
3%
Mac McWorter
1.5%
Quiz Playlist
Details
Report
Send in Message
Add To Playlist
More Info:
Can you name the four most recent coaches for each of the twelve ACC schools?
Classic:
Type in answers that appear in a list
Quiz Source
Last Updated: Feb 16, 2017
Quiz Scoreboard
CHALLENGE
Sign Up to Join the Scoreboard
Show All
Scores
Hide
Comments
May contain spoilers
Recently Published
Colored Red Africa Blitz
by spor1
Geography
30s
Find the 'City' Movie
by crazypaving
Movies
60s
5x2 Blitz: Bands
by SL_Kpop136
Music
30s
More to Explore
Quiz From the Vault
Featured Blog Post
14 Easter Pick-up Lines to Find Eggs With
hide this ad
You Might Also Like...
Tags
Football Quiz
ACC
coach
four
recent
school
Today's Top Quizzes in Sports
Browse Sports
hide this ad
Today's Top Quizzes in Football
Browse Football
Top Contributed Quizzes in Sports
1
Les meilleurs buteurs des matchs entre le PSG et l’OM
2
Les entraîneurs de l'OM et du PSG au 21e siècle
3
Les joueurs passés par le PSG et l'OM
4
2022 World Cup Stars
5
Players with Multiple 50 Home Run Seasons
6
Criteria MLB: Left Handed Sluggers
7
MLB Players with Two .350 Batting Average Seasons
8
Les joueurs passés par le LOSC et le RC Lens
9
NBA Logic Puzzle 2.0
10
Top 10 NHL Goal Scorers of All Time
Explore More
Trending Topics
Marvel
Kpop
Anime
NBA
Crossword
Disney
Harry Potter
Song
Pokémon
WWE
The Office
Country
Soccer
Puzzle
NFL
hide this ad
More By:
jonwhite918
Quiz
Plays
Rating
Category
Featured
Created
Four Most Recent ACC Football Coaches
201
4.50
Sports
Apr 22, 2010
Go to Creator's Profile
Score Distribution
Quiz Creator Spotlight
jonwhite918
Follow
Send a Message
Quizzes Created
-
Created Quiz Play Count
-
More By This Creator
Popular Quizzes Today
1
Colored Red Africa Blitz
2
Find the US States - No Outlines Minefield
3
Find the 'City' Movie
4
5x2 Blitz: Bands
5
The Countries of the World
6
Find the US States
7
Find the Countries of Europe - No Outlines Minefield
8
US States
More Sports Quizzes
Ex Top 30 Premier League Assists
Quiz Lab
Trending Quizzes
Colored Red Europe Blitz I
Colored Red Europe Blitz II
Colored Red Africa Blitz II
Colored Red Europe Blitz III
Colored Red Africa Blitz III
Recently Updated
How Do You Spell That?
pecheneg
Godzilla Movies
pecheneg
Grab Bag: 4-10 Letters
pecheneg
2024 March Madness Bracket
pecheneg
Famous TV Couples
Peacemaker
Champions League XIs: Real Madrid
pecheneg
Largest US Cities 1790-2010
pecheneg
Rides in Walt Disney World
pecheneg
Most Oscar Losses (Acting)
pecheneg
Beyoncé Albums
pecheneg
Trending Topics
Crossword
Marvel
NBA
Disney
Harry Potter
Kpop
Anime
WWE
Soccer
Song
The Office
Puzzle
Pokémon
NFL
Country
Your Account Isn't Verified!
In order to create a playlist on Sporcle, you need to verify the email address you used during registration. Go to your
Sporcle Settings
to finish the process.
Report this User
Report this user for behavior that violates our
Community Guidelines
.
Details:
Send Report
Go to the Sporcle.com Mobile Site →
Comments